The Indian Musakmans/ (Record no. 199362)

MARC details
000 -LEADER
fixed length control field 00594nam a22001937a 4500
005 - DATE AND TIME OF LATEST TRANSACTION
control field 20231201115310.0
010 ## - LCCN (DPL NO)
LC control number ENG-138405
020 ## - INTERNATIONAL STANDARD BOOK NUMBER
International Standard Book Number 9789380755533
Terms of availability 695.00
035 ## - SYSTEM CONTROL NUMBER
System control number EN-121937
037 ## - SOURCE OF ACQUISITION
Source of stock number/acquisition DBAD/PUB
082 ## - DEWEY DECIMAL CLASSIFICATION NUMBER
Classification number 954.008
Edition number 1
100 ## - MAIN ENTRY--PERSONAL NAME
Personal name Hunter, W.W
245 ## - TITLE STATEMENT
Title The Indian Musakmans/
Statement of responsibility, etc By W.W Hunter
250 ## - EDITION STATEMENT
Edition statement 1
260 ## - PUBLICATION, DISTRIBUTION, ETC. (IMPRINT)
Place of publication, distribution, etc Kolkata
Name of publisher, distributor, etc Aruna Prakashan
Date of publication, distribution, etc 2014
270 ## - ADDRESS
City Kolkata
Address 2, Kalidas, Singha Lane
Postal code 700009
Telephone number 23527663
-- 9339831285
-- 8017943479
Electronic mail address arunaprakashana@gmail.com
300 ## - PHYSICAL DESCRIPTION
Extent 208p.
Dimensions 21cm(hbk)
942 ## - ADDED ENTRY ELEMENTS (KOHA)
Source of classification or shelving scheme Dewey Decimal Classification
Item type English Books
Classification part 954.008
Call number suffix HUN
Holdings
Withdrawn status Lost status Not for loan Collection code Home library Current library Date acquired Source of acquisition Cost, normal purchase price Full call number Barcode Copy number Cost, replacement price Koha item type
      Non-fiction Vinoba Puri Vinoba Puri 01/12/2023 DBAD/PUB 695.00 954.008 HUN EN-121937 1 695.00 English Books

© Delhi Public Library
Hit Counter
free hit counter